000 00349nam a22001097a 4500
003 OSt
008 250120b |||||||| |||| 00| 0 eng d
041 _aeng
100 _aWorld Energy Conference
_96968
245 _aDo Working Group No.3 WG.3e: Energy Conservation in Industry:
_bA background report by the International Chamber of Commerce
942 _cBK
999 _c19063
_d19063